[Event "Wuerttemberg-ch KT"]
[Site "Stuttgart"]
[Date "2017.08.31"]
[Round "6"]
[White "Hermann, Tobias"]
[Black "Hallmann, Norbert"]
[Result "1-0"]
[WhiteElo "1933"]
[BlackElo "2094"]
[PlyCount "101"]
[EventDate "2017.08.26"]
[EventType "swiss"]
[EventRounds "7"]
[EventCountry "GER"]
[SourceTitle "EXT 2019"]
[Source "ChessBase"]
[SourceDate "2018.10.10"]
[SourceVersion "1"]
[SourceVersionDate "2018.10.10"]
[SourceQuality "1"]

1. c4 f5 2. Nc3 Nf6 3. g3 e6 4. Bg2 Be7 5. e3 0-0 6. Nge2 c6 7. d3 d5 8. b3 e5 9. cxd5 cxd5 10. d4 e4 11. a4 Nc6 12. Ba3 Nb4 13. Bxb4 Bxb4 14. 0-0 Be6 15. Na2 Bd6 16. b4 h5 17. Nf4 Bf7 18. h4 Ng4 19. Bh3 g5 20. hxg5 Qxg5 21. Bxg4 hxg4 22. Kg2 Kg7 23. Rh1 Rac8 24. Rc1 Rh8 25. Qd2 Rxh1 26. Rxh1 Bxf4 27. exf4 Qd8 28. Rc1 Be8 29. Rxc8 Qxc8 30. Qc3 Qd7 31. b5 a6 32. b6 Qxa4 33. Qc7+ Kg6 34. Qd6+ Kg7 35. Qe5+ Kh6 36. Qh8+ Kg6 37. Nc3 Qc6 38. Qg8+ Kh6 39. Nxd5 e3 40. Kh2 exf2 41. Qh8+ Kg6 42. Ne7+ Kf7 43. Nxc6 f1Q 44. Nd8+ Ke7 45. Qe5+ Kf8 46. Ne6+ Kf7 47. Ng5+ Kf8 48. Qh8+ Ke7 49. Qg7+ Kd6 50. Qc7+ Kd5 51. Qc5# 1-0

[Event "Wuerttemberg-ch KT"]
[Site "Stuttgart"]
[Date "2017.08.27"]
[Round "3"]
[White "Hermann, Tobias"]
[Black "Schroeck, Holger"]
[Result "1-0"]
[WhiteElo "1933"]
[BlackElo "1642"]
[PlyCount "63"]
[EventDate "2017.08.26"]
[EventType "swiss"]
[EventRounds "7"]
[EventCountry "GER"]
[SourceTitle "EXT 2019"]
[Source "ChessBase"]
[SourceDate "2018.10.10"]
[SourceVersion "1"]
[SourceVersionDate "2018.10.10"]
[SourceQuality "1"]

1. e4 d6 2. d4 Nf6 3. Bd3 g6 4. c3 Bg7 5. h3 0-0 6. Be3 Na6 7. Nf3 c5 8. Nbd2 cxd4 9. cxd4 Nb4 10. Bb1 Bd7 11. a3 Nc6 12. 0-0 Qa5 13. b4 Nxb4 14. Nb3 Qa4 15. axb4 Qxb4 16. Bd2 Qb5 17. Ra5 Qb6 18. Bd3 Rfc8 19. e5 dxe5 20. dxe5 Ne8 21. Be3 Qb4 22. Bd2 Qb6 23. Ra1 Be6 24. Nbd4 Bxe5 25. Rb1 Qd8 26. Nxe6 Qxd3 27. Nxe5 Qd5 28. Nxf7 Kxf7 29. Ng5+ Kg8 30. Qe2 h6 31. Nf3 Rc2 32. Qxe7 1-0

[Event "Wuerttemberg-ch KT"]
[Site "Stuttgart"]
[Date "2017.08.27"]
[Round "2"]
[White "Yi, Danny"]
[Black "Hermann, Tobias"]
[Result "1-0"]
[WhiteElo "2070"]
[BlackElo "1933"]
[PlyCount "76"]
[EventDate "2017.08.26"]
[EventType "swiss"]
[EventRounds "7"]
[EventCountry "GER"]
[SourceTitle "EXT 2019"]
[Source "ChessBase"]
[SourceDate "2018.10.10"]
[SourceVersion "1"]
[SourceVersionDate "2018.10.10"]
[SourceQuality "1"]

1. e4 e5 2. Nf3 Nc6 3. Bc4 Bc5 4. 0-0 Nf6 5. d3 d6 6. a4 a6 7. c3 0-0 8. Re1 h6 9. Nbd2 Ba7 10. b4 Ne7 11. Nf1 Ng6 12. Ra2 c6 13. b5 axb5 14. axb5 d5 15. exd5 cxd5 16. Bb3 Bg4 17. h3 Bxf3 18. Qxf3 Qd6 19. Ng3 Nh4 20. Qd1 e4 21. Rxa7 Rxa7 22. dxe4 Qc7 23. Qd4 Raa8 24. exd5 Ng6 25. b6 Qd7 26. Bxh6 gxh6 27. Qxf6 Qd8 28. Qd4 Re8 29. Rd1 Qg5 30. Ne4 Nf4 31. Nf6+ Kf8 32. Qc5+ Kg7 33. Nxe8+ Rxe8 34. g3 Nxh3+ 35. Kg2 Nxf2 36. Qd4+ Kg8 37. Qxf2 Qg4 38. Rd2 Re5 1-0

[Event "Verbandsliga Nordbaden 1617"]
[Site "Baden"]
[Date "2016.11.20"]
[Round "3.7"]
[White "Hermann, Tobias"]
[Black "Bitsch, Torsten"]
[Result "1/2-1/2"]
[WhiteElo "1966"]
[BlackElo "2015"]
[PlyCount "105"]
[EventDate "2016.10.09"]
[EventType "team-tourn"]
[EventRounds "9"]
[EventCountry "GER"]
[SourceTitle "EXT 2022"]
[Source "ChessBase"]
[SourceDate "2021.10.06"]
[SourceVersion "1"]
[SourceVersionDate "2021.10.06"]
[SourceQuality "1"]
[WhiteTeam "Eppingen II"]
[BlackTeam "Viernheim II"]
[WhiteTeamCountry "GER"]
[BlackTeamCountry "GER"]

1. c4 Nf6 2. Nc3 g6 3. g3 Bg7 4. Bg2 d6 5. e3 0-0 6. Nge2 e5 7. 0-0 Nc6 8. d4 Bd7 9. Re1 h5 10. b3 h4 11. Ba3 hxg3 12. hxg3 exd4 13. Nxd4 Re8 14. Qd2 Rb8 15. Nd5 Nxd4 16. exd4 Nxd5 17. Bxd5 Bc6 18. Bxc6 bxc6 19. Rxe8+ Qxe8 20. Re1 Qd7 21. d5 Re8 22. Rxe8+ Qxe8 23. Qe3 Qxe3 24. fxe3 cxd5 25. cxd5 Kf8 26. Kf2 Ke7 27. Ke2 f5 28. e4 Be5 29. exf5 gxf5 30. Kf3 Kd7 31. g4 fxg4+ 32. Kxg4 c6 33. dxc6+ Kxc6 34. Kf3 d5 35. Ke3 a6 36. Kd3 Bf6 37. Bf8 Be5 38. Be7 Bg7 39. a4 Be5 40. b4 Bg7 41. Bg5 Be5 42. Be3 Bf6 43. Bd4 Be7 44. Kc3 Bf8 45. Kb3 Be7 46. Bc3 Bg5 47. Kc2 Bh4 48. Kd3 Bg5 49. Bd2 Bf6 50. Ke3 Bg5+ 51. Ke2 Bf6 52. Kf3 Bg7 53. Ke3 1/2-1/2

[Event "Verbandsliga Nordbaden 1516"]
[Site "Baden"]
[Date "2016.02.14"]
[Round "6.8"]
[White "Armasow, Ulrich"]
[Black "Hermann, Tobias"]
[Result "1/2-1/2"]
[WhiteElo "1987"]
[BlackElo "1959"]
[PlyCount "80"]
[EventDate "2015.09.27"]
[EventType "team-tourn"]
[EventRounds "9"]
[EventCountry "GER"]
[SourceTitle "EXT 2022"]
[Source "ChessBase"]
[SourceDate "2021.10.06"]
[SourceVersion "1"]
[SourceVersionDate "2021.10.06"]
[SourceQuality "1"]
[WhiteTeam "Buchen II"]
[BlackTeam "Eppingen II"]
[WhiteTeamCountry "GER"]
[BlackTeamCountry "GER"]

1. d4 d5 2. Nf3 Nf6 3. e3 e6 4. Bd3 Nbd7 5. Nbd2 b6 6. e4 dxe4 7. Nxe4 Bb7 8. Qe2 Be7 9. 0-0 0-0 10. Ne5 Nxe4 11. Bxe4 Bxe4 12. Qxe4 Nf6 13. Qd3 c5 14. Nc6 Qc7 15. Nxe7+ Qxe7 16. dxc5 Qxc5 17. Be3 Qb4 18. a3 Qh4 19. f3 Rfd8 20. Qe2 Nd5 21. Rfd1 Rac8 22. Bf2 Qg5 23. c3 Nf4 24. Qf1 Rc6 25. Rxd8+ Qxd8 26. Rd1 Rd6 27. Rxd6 Qxd6 28. Bg3 Qd2 29. Bxf4 Qxf4 30. Qd1 Qe3+ 31. Kf1 f6 32. Qe2 Qc1+ 33. Kf2 Kf7 34. c4 Qf4 35. g3 Qd4+ 36. Kg2 Ke7 37. b3 g5 38. b4 Kd6 39. Kf1 Qa1+ 40. Kg2 Qd4 1/2-1/2

[Event "Verbandsliga Nordbaden 1415"]
[Site "Baden"]
[Date "2014.11.23"]
[Round "3.6"]
[White "Gehrig, Matthias"]
[Black "Hermann, Tobias"]
[Result "0-1"]
[WhiteElo "2078"]
[BlackElo "1811"]
[PlyCount "50"]
[EventDate "2014.10.12"]
[EventType "team-tourn"]
[EventRounds "9"]
[EventCountry "GER"]
[SourceTitle "EXT 2022"]
[Source "ChessBase"]
[SourceDate "2021.10.06"]
[SourceVersion "1"]
[SourceVersionDate "2021.10.06"]
[SourceQuality "1"]
[WhiteTeam "Buchen II"]
[BlackTeam "Eppingen III"]
[WhiteTeamCountry "GER"]
[BlackTeamCountry "GER"]

1. e4 e5 2. Nc3 Nf6 3. g3 Bc5 4. Bg2 c6 5. h3 d5 6. d3 Be6 7. Nge2 Nbd7 8. 0-0 0-0 9. exd5 Nxd5 10. Kh2 N7b6 11. Ne4 Be7 12. a4 f5 13. Nd2 f4 14. Nf3 Bf6 15. a5 Nd7 16. a6 b6 17. gxf4 Nxf4 18. Bxf4 exf4 19. Nfd4 Bxd4 20. Nxd4 Qf6 21. c3 Ne5 22. Nxe6 Qxe6 23. d4 f3 24. dxe5 Qxe5+ 25. Kg1 Qg5 0-1

[Event "Baden-ch U16"]
[Site "Karlsruhe"]
[Date "2014.01.06"]
[Round "7"]
[White "Manske, Alexander"]
[Black "Hermann, Tobias"]
[Result "0-1"]
[WhiteElo "1386"]
[BlackElo "1730"]
[PlyCount "62"]
[EventDate "2014.01.??"]
[EventType "swiss"]
[EventRounds "7"]
[EventCountry "GER"]
[SourceTitle "EXT 2022"]
[Source "ChessBase"]
[SourceDate "2021.10.06"]
[SourceVersion "1"]
[SourceVersionDate "2021.10.06"]
[SourceQuality "1"]

1. e4 e5 2. Nf3 Nc6 3. d4 exd4 4. Bc4 Nf6 5. e5 d5 6. Bb5 Ne4 7. Bxc6+ bxc6 8. 0-0 c5 9. Nbd2 Nxd2 10. Bxd2 Be7 11. c3 d3 12. Be3 c4 13. b3 0-0 14. bxc4 dxc4 15. Nd2 Qd5 16. Qa4 Be6 17. Rab1 c6 18. Rb2 Qxe5 19. Nxc4 Qe4 20. Bd4 c5 21. Nd2 Qg6 22. Be5 Bd5 23. Bg3 Bf6 24. Qa3 Rfc8 25. c4 Bxb2 26. Qxb2 Be4 27. Re1 Bf5 28. Nb3 Re8 29. Qd2 Rxe1+ 30. Qxe1 Qe6 31. Kh1 Qxe1# 0-1

[Event "Baden-ch op U1800"]
[Site "Birkenfeld"]
[Date "2013.06.01"]
[Round "5"]
[White "Hermann, Tobias"]
[Black "Hess, Martin"]
[Result "0-1"]
[WhiteElo "1692"]
[BlackElo "1665"]
[PlyCount "154"]
[EventDate "2013.05.30"]
[EventType "swiss"]
[EventRounds "7"]
[EventCountry "GER"]
[SourceTitle "EXT 2014"]
[Source "ChessBase"]
[SourceDate "2013.11.20"]
[SourceVersion "1"]
[SourceVersionDate "2013.11.20"]
[SourceQuality "1"]

1. c4 e5 2. Nc3 f5 3. d3 Bc5 4. g3 c6 5. Bg2 Nf6 6. Nf3 d6 7. Bg5 Qb6 8. 0-0 Nbd7 9. Qc2 0-0 10. Bxf6 Rxf6 11. a3 a5 12. Na4 Qd8 13. Nxc5 Nxc5 14. b4 Ne6 15. e3 Bd7 16. Rfb1 a4 17. Re1 Qf8 18. d4 e4 19. Nd2 d5 20. f4 Qf7 21. Kf2 g5 22. Rg1 Qh5 23. Qd1 Rh6 24. Qxh5 Rxh5 25. h3 Kf7 26. Ke2 Rg8 27. Raf1 gxf4 28. gxf4 b6 29. c5 bxc5 30. bxc5 Bc8 31. Kf2 Ba6 32. Rb1 Bb5 33. Rb2 Rh6 34. Nb1 Rhg6 35. Nc3 Nc7 36. Nxa4 Bxa4 37. Rb7 Rc8 38. Rgb1 Ke6 39. Ra7 Bb5 40. a4 Ba6 41. Rb6 Bc4 42. Rxc6+ Kd7 43. Rb6 Rgg8 44. Rh6 Rg7 45. Rd6+ Ke8 46. Rc6 Rb8 47. Rcxc7 Rb2+ 48. Ke1 Rxc7 49. Rxc7 Rxg2 50. Rxh7 Re2+ 51. Kd1 Rxe3 52. c6 Kd8 53. Rf7 Bb3+ 54. Kd2 Rd3+ 55. Ke2 Bxa4 56. Rd7+ Kc8 57. Rxd5 Bxc6 58. Rxf5 Rxh3 59. d5 Bb5+ 60. Kf2 Rf3+ 61. Kg2 Bf1+ 62. Kg1 e3 63. Re5 e2 64. f5 Kd7 65. Re6 Rxf5 66. Re3 Kd6 67. Re8 Kxd5 68. Rd8+ Ke4 69. Re8+ Kf3 70. Re7 Rg5+ 71. Kh1 Bh3 72. Kh2 Bf5 73. Ra7 Kf2 74. Rh7 Bxh7 75. Kh3 Rg6 76. Kh4 e1R 77. Kh5 Rh1# 0-1

[Event "Baden-ch op U1800"]
[Site "Birkenfeld"]
[Date "2013.05.30"]
[Round "1"]
[White "Hermann, Tobias"]
[Black "Shahisavandi, Abdollah"]
[Result "1-0"]
[WhiteElo "1692"]
[BlackElo "1833"]
[PlyCount "71"]
[EventDate "2013.05.30"]
[EventType "swiss"]
[EventRounds "7"]
[EventCountry "GER"]
[SourceTitle "EXT 2014"]
[Source "ChessBase"]
[SourceDate "2013.11.20"]
[SourceVersion "1"]
[SourceVersionDate "2013.11.20"]
[SourceQuality "1"]

1. c4 c5 2. Nc3 Nc6 3. g3 Nf6 4. Bg2 g6 5. d3 Bg7 6. Nf3 d6 7. 0-0 0-0 8. a3 Bd7 9. Qc2 a6 10. Bd2 Rb8 11. Rab1 b5 12. cxb5 axb5 13. b4 cxb4 14. axb4 Qc8 15. Rfc1 Qb7 16. Qb2 Qb6 17. Be3 Qd8 18. Nd4 Nxd4 19. Bxd4 e5 20. Ba7 Rc8 21. Bb7 Bh3 22. Bxc8 Qxc8 23. f3 Qb7 24. Bf2 d5 25. Ra1 Rd8 26. Ra7 Qb8 27. Rca1 e4 28. Qa2 e3 29. Bxe3 Qe5 30. Nd1 Nh5 31. d4 Qd6 32. Bf2 Qxb4 33. Ra8 Bc8 34. Rc1 Bxd4 35. Rcxc8 Qe1+ 36. Kg2 1-0

[Event "GER-ch U10"]
[Site "Willingen"]
[Date "2009.06.03"]
[Round "7"]
[White "Nobis, Anna"]
[Black "Hermann, Tobias"]
[Result "1/2-1/2"]
[WhiteElo "1269"]
[BlackElo "1161"]
[PlyCount "112"]
[EventDate "2009.05.30"]
[EventType "swiss"]
[EventRounds "11"]
[EventCountry "GER"]
[SourceTitle "EXT 2010"]
[Source "ChessBase"]
[SourceDate "2010.11.25"]
[SourceVersion "1"]
[SourceVersionDate "2010.11.25"]
[SourceQuality "1"]

1. e4 e5 2. Nf3 d6 3. Bc4 Be7 4. c3 Nf6 5. d3 0-0 6. 0-0 Nbd7 7. Nbd2 c6 8. Re1 Nb6 9. Bb3 Bd7 10. d4 Qc7 11. Nf1 Rad8 12. Ng3 Rfe8 13. Qc2 h6 14. Bd2 Bg4 15. Qd3 c5 16. dxc5 dxc5 17. Qe3 c4 18. Bc2 Bc5 19. Qe2 Bxf3 20. gxf3 Rd7 21. b4 cxb3 22. axb3 a6 23. Rad1 Red8 24. Be3 Rxd1 25. Rxd1 Rxd1+ 26. Bxd1 Bxe3 27. Qxe3 Nbd7 28. Nf5 Kh7 29. Qd2 Ne8 30. c4 Ndf6 31. Be2 Qd7 32. Qe3 Ng8 33. f4 exf4 34. Qxf4 g6 35. Ne3 Ng7 36. Nd5 Kh8 37. Bg4 f5 38. exf5 gxf5 39. Bf3 Qd8 40. Qc7 Qg5+ 41. Qg3 Qd8 42. Qe5 Qg5+ 43. Kf1 b5 44. c5 Qc1+ 45. Kg2 Qxc5 46. Qb8 Qc1 47. h4 Kh7 48. Qb6 Qa3 49. b4 Kh8 50. Qb8 Kh7 51. Qd6 Qa4 52. Ne7 a5 53. bxa5 Qxa5 54. Qc5 Qa4 55. Kg3 Qc4 56. Qb6 f4+ 1/2-1/2

[Event "GER-ch U10"]
[Site "Willingen"]
[Date "2009.06.02"]
[Round "5"]
[White "Pallas, Sebastian"]
[Black "Hermann, Tobias"]
[Result "1-0"]
[WhiteElo "1334"]
[BlackElo "1161"]
[PlyCount "129"]
[EventDate "2009.05.30"]
[EventType "swiss"]
[EventRounds "11"]
[EventCountry "GER"]
[SourceTitle "EXT 2010"]
[Source "ChessBase"]
[SourceDate "2010.11.25"]
[SourceVersion "1"]
[SourceVersionDate "2010.11.25"]
[SourceQuality "1"]

1. d4 d5 2. c4 e6 3. Nc3 Nf6 4. Bg5 Be7 5. e3 0-0 6. Nf3 h6 7. Bh4 Ne4 8. Bxe7 Qxe7 9. Nxe4 dxe4 10. Nd2 e5 11. d5 Bf5 12. Be2 Nd7 13. Qc2 Nc5 14. 0-0 Rad8 15. Rfd1 a5 16. Nf1 b6 17. Ng3 Bd7 18. Nxe4 Nxe4 19. Qxe4 Qg5 20. Qf3 f5 21. Qg3 Qf6 22. Bh5 Kh7 23. Rf1 g6 24. Be2 Be8 25. b3 g5 26. f4 exf4 27. exf4 Rg8 28. Qf2 g4 29. g3 Bd7 30. Rad1 Rde8 31. Rfe1 Re7 32. Qd4 Qxd4+ 33. Rxd4 Rge8 34. Kf2 h5 35. Rdd1 Kg6 36. Bd3 Rxe1 37. Rxe1 Rxe1 38. Kxe1 Kf6 39. Ke2 Ke7 40. Ke3 Kd6 41. Kd4 Bc8 42. a3 Bd7 43. b4 axb4 44. axb4 Bc8 45. c5+ bxc5+ 46. bxc5+ Ke7 47. Ke5 Kf7 48. Bxf5 Bb7 49. d6 cxd6+ 50. cxd6 Bc6 51. Be6+ Kg6 52. d7 Bxd7 53. Bxd7 Kg7 54. f5 Kf7 55. f6 Kf8 56. Ke6 Kg8 57. f7+ Kf8 58. Bc6 h4 59. gxh4 g3 60. hxg3 Kg7 61. Ke7 Kh7 62. Be4+ Kh6 63. f8Q+ Kh5 64. Qf5+ Kh6 65. Qg6# 1-0

[Event "GER-ch U10"]
[Site "Willingen"]
[Date "2009.05.30"]
[Round "1"]
[White "Paulsen, Alexej"]
[Black "Hermann, Tobias"]
[Result "1/2-1/2"]
[WhiteElo "1549"]
[BlackElo "1161"]
[PlyCount "63"]
[EventDate "2009.05.30"]
[EventType "swiss"]
[EventRounds "11"]
[EventCountry "GER"]
[SourceTitle "EXT 2010"]
[Source "ChessBase"]
[SourceDate "2010.11.25"]
[SourceVersion "1"]
[SourceVersionDate "2010.11.25"]
[SourceQuality "1"]

1. e4 e5 2. Nf3 Nc6 3. Bb5 d6 4. d4 exd4 5. Nxd4 Bd7 6. Nc3 Nf6 7. 0-0 Be7 8. Be3 0-0 9. Re1 Nxd4 10. Bxd7 Nxc2 11. Qxc2 Qxd7 12. Rad1 Qc6 13. Qb3 Rfd8 14. Rc1 Qd7 15. Qxb7 Rab8 16. Qa6 Rxb2 17. a4 c5 18. Rb1 Rdb8 19. Rxb2 Rxb2 20. Nb5 Nxe4 21. Qxa7 Qxa7 22. Nxa7 Ra2 23. Nc6 Bf8 24. f3 Rxa4 25. fxe4 Rxe4 26. Kf2 Re6 27. Bd2 Rxe1 28. Bxe1 f6 29. Ke3 Kf7 30. Ke4 Ke6 31. g4 d5+ 32. Kd3 1/2-1/2